| 000 | 00440nam a22001337a 4500 | ||
|---|---|---|---|
| 003 | OSt | ||
| 005 | 20240320120055.0 | ||
| 008 | 240320b |||||||| |||| 00| 0 eng d | ||
| 040 | _cCentral Library MRSPTU | ||
| 100 | _aGurcharan Singh Jasuja (ਗੁਰਚਰਨ ਸਿੰਘ ਜਸੂਜਾ) | ||
| 245 | _aEk Hero de talash (ਇੱਕ ਹੀਰੋ ਦੀ ਤਾਲਾਸ਼) | ||
| 260 |
_aDelhi _bBishan Chand Adson _c1989 |
||
| 942 |
_2ddc _cBK _n0 |
||
| 999 |
_c9906 _d9906 |
||